00412nam a2200157Ia 45000010006000000050017000060080041000230410008000640820029000721000035001012450067001362600009002033000028002126500006002406540008002462286420260414150859.0260414t2016||||xx |||||||||||||| ||spa|| aESP a624.15136bJ81 T. 1 2016 aJuárez Badillo, EulalioeAUT 0aMecánica de suelos :bfundamentos de la mecánica de suelos c2016 a642 páginas :c23 cm. a0 aCIC